Villes du Trans-Sibérien sur une carte - Statistiques

Statistiques générales
  • Ce quiz a été pris 199 fois
  • Le résultat moyen est 9 sur 29
Réponses sur la Carte
Les réponses sont colorées sur une échelle allant du rouge au vert en fonction du pourcentage des utilisateurs qui les ont devinées à leur premier essai. Vous pouvez retrouver ces pourcentages ci-dessous.
 
Statistiques - réponses
Station % Correct
Moscou
98%
Pékin
84%
Pékin
84%
Oulan-Bator
77%
Vladivostok
75%
Iekaterinbourg
45%
Kazan
45%
Nijni Novgorod
44%
Novossibirsk
42%
Irkoutsk
41%
Omsk
33%
Perm
31%
Harbin
23%
Krasnoïarsk
22%
Khabarovsk
19%
Oulan-Oudé
17%
Oulan-Oudé
17%
Shenyang
12%
Tchita
12%
Tchita
12%
Tioumen
12%
Bratsk
9%
Kirov
9%
Taïchet
7%
Taïchet
7%
Erenhot
6%
Tynda
6%
Datong
5%
Sovetskaïa Gavan
4%
Aucun quiz correspondant
Distribution des résultats
% des personnes avec chaque résultat
Percentile par nombre de réponses
Votre historique - résultats
Vous n’avez pas pris ce quiz